Most Guessed Best Actress Oscar Winners A-Z - Statistics

General Stats
  • This quiz has been taken 142 times
  • The average score is 10 of 18
Answer Stats
letter actress % Correct
S Meryl Streep
88%
H Audrey Hepburn
69%
R Julia Roberts
69%
F Jodie Foster
67%
L Jennifer Lawrence
63%
B Sandra Bullock
63%
D Bette Davis
59%
A Julie Andrews
59%
P Natalie Portman
59%
K Nicole Kidman
58%
T Charlize Theron
52%
W Reese Witherspoon
52%
J Glenda Jackson
50%
M Helen Mirren
48%
Y Loretta Young
45%
G Greer Garson
44%
C Cher
38%
N Patricia Neal
34%
No matching quizzes found
Score Distribution
Percent of People with Each Score
Percentile by Number Answered
Your Score History
You have not taken this quiz